<?xml version="1.0" encoding="UTF-8"?>
<collection xmlns="http://www.loc.gov/MARC21/slim">
 <record>
  <leader>02845aam a22003258a 4500</leader>
  <controlfield tag="001">NCT_16814</controlfield>
  <controlfield tag="008">170104s2016                  ||||||viesd</controlfield>
  <datafield tag="999" ind1=" " ind2=" ">
   <subfield code="c">793</subfield>
   <subfield code="d">793</subfield>
  </datafield>
  <datafield tag="020" ind1=" " ind2=" ">
   <subfield code="a">9786047345373</subfield>
   <subfield code="c">45000</subfield>
  </datafield>
  <datafield tag="082" ind1="0" ind2="4">
   <subfield code="2">23rd ed.</subfield>
   <subfield code="a">663.075</subfield>
   <subfield code="b">M121/T.2</subfield>
  </datafield>
  <datafield tag="100" ind1="1" ind2=" ">
   <subfield code="a">Lê Văn Việt Mẫn</subfield>
  </datafield>
  <datafield tag="245" ind1="1" ind2="0">
   <subfield code="a">Giáo trình công nghệ sản xuất các sản phẩm từ sữa và thức uống pha chế</subfield>
   <subfield code="n">Tập 2</subfield>
   <subfield code="p">Công nghệ sản xuất thức uống pha chế</subfield>
   <subfield code="c">Lê Văn Việt Mẫn</subfield>
  </datafield>
  <datafield tag="250" ind1=" " ind2=" ">
   <subfield code="a">Tái bản lần thứ 2</subfield>
  </datafield>
  <datafield tag="260" ind1=" " ind2=" ">
   <subfield code="a">Tp. Hồ Chí Minh</subfield>
   <subfield code="b">Đại học Quốc gia Tp. Hồ Chí Minh</subfield>
   <subfield code="c">2016</subfield>
  </datafield>
  <datafield tag="300" ind1=" " ind2=" ">
   <subfield code="a">285tr.</subfield>
   <subfield code="b">hình vẽ, bảng</subfield>
   <subfield code="c">24cm</subfield>
  </datafield>
  <datafield tag="500" ind1=" " ind2=" ">
   <subfield code="a">ĐTTS ghi: Đại học Quốc gia Tp. Hồ Chí Minh. Trường đại học Bách khoa</subfield>
  </datafield>
  <datafield tag="520" ind1="3" ind2=" ">
   <subfield code="a">Giới thiệu những nguyên liệu cơ bản để sản xuất thức uống pha chế đặc biệt là công nghệ sản xuất thức uống không cồn và có cồn như: Nước uống, syrup, nước giải khát pha chế được nạp khí carbon dioxide, vodka, rượu mùi</subfield>
  </datafield>
  <datafield tag="653" ind1=" " ind2=" ">
   <subfield code="a">Công nghệ thực phẩm</subfield>
  </datafield>
  <datafield tag="655" ind1=" " ind2="7">
   <subfield code="a">Công nghệ thực phẩm</subfield>
  </datafield>
  <datafield tag="942" ind1=" " ind2=" ">
   <subfield code="2">ddc</subfield>
   <subfield code="c">BK</subfield>
  </datafield>
  <datafield tag="952" ind1=" " ind2=" ">
   <subfield code="0">0</subfield>
   <subfield code="1">0</subfield>
   <subfield code="2">ddc</subfield>
   <subfield code="4">0</subfield>
   <subfield code="6">663_075000000000000_M121_T_2</subfield>
   <subfield code="7">0</subfield>
   <subfield code="9">3089</subfield>
   <subfield code="a">000001</subfield>
   <subfield code="b">000001</subfield>
   <subfield code="d">2017-11-09</subfield>
   <subfield code="o">663.075 M121/T.2</subfield>
   <subfield code="p">MD.08790</subfield>
   <subfield code="r">2017-11-09</subfield>
   <subfield code="v">45000.00</subfield>
   <subfield code="w">2017-11-09</subfield>
   <subfield code="y">BK</subfield>
  </datafield>
  <datafield tag="952" ind1=" " ind2=" ">
   <subfield code="0">0</subfield>
   <subfield code="1">0</subfield>
   <subfield code="2">ddc</subfield>
   <subfield code="4">0</subfield>
   <subfield code="6">663_075000000000000_M121_T_2</subfield>
   <subfield code="7">0</subfield>
   <subfield code="9">3090</subfield>
   <subfield code="a">000001</subfield>
   <subfield code="b">000001</subfield>
   <subfield code="d">2017-11-09</subfield>
   <subfield code="o">663.075 M121/T.2</subfield>
   <subfield code="p">MD.08791</subfield>
   <subfield code="r">2017-11-09</subfield>
   <subfield code="v">45000.00</subfield>
   <subfield code="w">2017-11-09</subfield>
   <subfield code="y">BK</subfield>
  </datafield>
  <datafield tag="952" ind1=" " ind2=" ">
   <subfield code="0">0</subfield>
   <subfield code="1">0</subfield>
   <subfield code="2">ddc</subfield>
   <subfield code="4">0</subfield>
   <subfield code="6">663_075000000000000_M121_T_2</subfield>
   <subfield code="7">0</subfield>
   <subfield code="9">3091</subfield>
   <subfield code="a">000001</subfield>
   <subfield code="b">000001</subfield>
   <subfield code="d">2017-11-09</subfield>
   <subfield code="l">1</subfield>
   <subfield code="o">663.075 M121/T.2</subfield>
   <subfield code="p">MD.08792</subfield>
   <subfield code="r">2021-03-09</subfield>
   <subfield code="s">2021-03-06</subfield>
   <subfield code="v">45000.00</subfield>
   <subfield code="w">2017-11-09</subfield>
   <subfield code="y">BK</subfield>
  </datafield>
  <datafield tag="952" ind1=" " ind2=" ">
   <subfield code="0">0</subfield>
   <subfield code="1">0</subfield>
   <subfield code="2">ddc</subfield>
   <subfield code="4">0</subfield>
   <subfield code="6">663_075000000000000_M121_T_2</subfield>
   <subfield code="7">0</subfield>
   <subfield code="9">3092</subfield>
   <subfield code="a">000001</subfield>
   <subfield code="b">000001</subfield>
   <subfield code="d">2017-11-09</subfield>
   <subfield code="l">1</subfield>
   <subfield code="o">663.075 M121/T.2</subfield>
   <subfield code="p">MD.08793</subfield>
   <subfield code="r">2019-11-20</subfield>
   <subfield code="s">2019-11-14</subfield>
   <subfield code="v">45000.00</subfield>
   <subfield code="w">2017-11-09</subfield>
   <subfield code="y">BK</subfield>
  </datafield>
  <datafield tag="952" ind1=" " ind2=" ">
   <subfield code="0">0</subfield>
   <subfield code="1">0</subfield>
   <subfield code="2">ddc</subfield>
   <subfield code="4">0</subfield>
   <subfield code="6">663_075000000000000_M121_T_2</subfield>
   <subfield code="7">0</subfield>
   <subfield code="9">3093</subfield>
   <subfield code="a">000001</subfield>
   <subfield code="b">000001</subfield>
   <subfield code="d">2017-11-09</subfield>
   <subfield code="o">663.075 M121/T.2</subfield>
   <subfield code="p">MD.08794</subfield>
   <subfield code="r">2017-11-09</subfield>
   <subfield code="v">45000.00</subfield>
   <subfield code="w">2017-11-09</subfield>
   <subfield code="y">BK</subfield>
  </datafield>
  <datafield tag="952" ind1=" " ind2=" ">
   <subfield code="0">0</subfield>
   <subfield code="1">0</subfield>
   <subfield code="2">ddc</subfield>
   <subfield code="4">0</subfield>
   <subfield code="6">663_075000000000000_M121_T_2</subfield>
   <subfield code="7">0</subfield>
   <subfield code="9">3094</subfield>
   <subfield code="a">000001</subfield>
   <subfield code="b">000001</subfield>
   <subfield code="d">2017-11-09</subfield>
   <subfield code="o">663.075 M121/T.2</subfield>
   <subfield code="p">MD.08795</subfield>
   <subfield code="r">2018-02-12</subfield>
   <subfield code="v">45000.00</subfield>
   <subfield code="w">2017-11-09</subfield>
   <subfield code="y">BK</subfield>
  </datafield>
  <datafield tag="952" ind1=" " ind2=" ">
   <subfield code="0">0</subfield>
   <subfield code="1">0</subfield>
   <subfield code="2">ddc</subfield>
   <subfield code="4">0</subfield>
   <subfield code="6">663_075000000000000_M121_T_2</subfield>
   <subfield code="7">0</subfield>
   <subfield code="9">3095</subfield>
   <subfield code="a">000001</subfield>
   <subfield code="b">000001</subfield>
   <subfield code="d">2017-11-09</subfield>
   <subfield code="o">663.075 M121/T.2</subfield>
   <subfield code="p">MD.08796</subfield>
   <subfield code="r">2017-11-09</subfield>
   <subfield code="v">45000.00</subfield>
   <subfield code="w">2017-11-09</subfield>
   <subfield code="y">BK</subfield>
  </datafield>
  <datafield tag="952" ind1=" " ind2=" ">
   <subfield code="0">0</subfield>
   <subfield code="1">0</subfield>
   <subfield code="2">ddc</subfield>
   <subfield code="4">0</subfield>
   <subfield code="6">663_075000000000000_M121_T_2</subfield>
   <subfield code="7">0</subfield>
   <subfield code="9">3096</subfield>
   <subfield code="a">000001</subfield>
   <subfield code="b">000001</subfield>
   <subfield code="d">2017-11-09</subfield>
   <subfield code="o">663.075 M121/T.2</subfield>
   <subfield code="p">MD.08797</subfield>
   <subfield code="r">2017-11-09</subfield>
   <subfield code="v">45000.00</subfield>
   <subfield code="w">2017-11-09</subfield>
   <subfield code="y">BK</subfield>
  </datafield>
  <datafield tag="952" ind1=" " ind2=" ">
   <subfield code="0">0</subfield>
   <subfield code="1">0</subfield>
   <subfield code="2">ddc</subfield>
   <subfield code="4">0</subfield>
   <subfield code="6">663_075000000000000_M121_T_2</subfield>
   <subfield code="7">0</subfield>
   <subfield code="9">3097</subfield>
   <subfield code="a">000001</subfield>
   <subfield code="b">000001</subfield>
   <subfield code="d">2017-11-09</subfield>
   <subfield code="o">663.075 M121/T.2</subfield>
   <subfield code="p">MD.08798</subfield>
   <subfield code="r">2017-11-09</subfield>
   <subfield code="v">45000.00</subfield>
   <subfield code="w">2017-11-09</subfield>
   <subfield code="y">BK</subfield>
  </datafield>
  <datafield tag="980" ind1=" " ind2=" ">
   <subfield code="a">Thư viện Trường Đại học Nam Cần Thơ</subfield>
  </datafield>
 </record>
</collection>
